Stray Kids Songs (starting with the letter A) - Statistics

General Stats
  • This quiz has been taken 83 times
    80 since last reset
  • The average score is 5 of 12
Answer Stats
Songs % Correct
ALL IN
75%
Airplane
54%
Astronaut
52%
Any
44%
Awaken
44%
Awkward Silence
42%
As We Are (그렿게, 천천히, 우리) (Seungmin)
38%
Alien (HAN)
37%
Another Day
37%
All My Life
27%
Aiwokuretanoninaze
6%
All I Want Is You (Would You Marry Me?: Original Soundtrack) (Seungmin)
4%
No matching quizzes found
Score Distribution
Percent of People with Each Score
Percentile by Number Answered
Your Score History
You have not taken this quiz since the last reset